Where am I?? #4 - Statistics

General Stats
  • This quiz has been taken 97 times
  • The average score is 6 of 6
Answer Stats
Instructions Answer Hint % Correct
Say 1 to receive your hint! 1 This is a capital city.
100%
Say 2 to receive your hint! 2 It's really cold here.
99%
Say 3 to receive your hint! 3 The Cyrillic alphabet?! Noooo..
98%
Say 4 to receive your hint! 4 I see a river near the city.
96%
Say 5 to receive your hint! 5 Wait, is that a Genghis Khan statue?!
96%
Name the city! Ulaanbaatar
65%
No matching quizzes found
Score Distribution
Percent of People with Each Score
Percentile by Number Answered
Your Score History
You have not taken this quiz